Soeurs célèbres - Statistiques

Statistiques générales
  • Ce quiz a été pris 220 fois
  • Le résultat moyen est 6 sur 10
Statistiques - réponses
Prénoms Indice Nom de famille % Correct
Serena et Venus tennis Williams
95%
Pénélope et Monica cinéma Cruz
89%
Alexandra et Audrey cinéma Lamy
89%
Anne,Emily et Charlotte littérature Bronte
76%
Emmanuelle et Mathilde cinéma Seigner
76%
Danii et Kylie cinéma Minogue
72%
Françoise et Catherine cinéma Dorleac
54%
Christine et Marielle ski Goitschel
29%
Christine et Léa criminelles Papin
12%
Maryvonne, Eugénie et Anastasie musique bretonne Goadec
5%
Aucun quiz correspondant
Distribution des résultats
% des personnes avec chaque résultat
Percentile par nombre de réponses
Votre historique - résultats
Vous n’avez pas pris ce quiz